Loading...
| Science - Chemistry | 0 | 4 | 0 | 0 | 40 | 67 | 92.75 | 0 | 2 | 0.00 | 0.00 |
| Science - Physics | 0 | 4 | 0 | 1 | 40 | 68 | 91.50 | 1 | 3 | 0.00 | 0.00 |
| Science - Biology | 0 | 3 | 0 | 1 | 30 | 92 | 111.33 | 0 | 2 | 0.00 | 0.00 |
| Science - Other | 0 | 2 | 0 | 0 | 20 | 62 | 73.00 | 0 | 1 | 0.00 | 0.00 |
| Mythology | 0 | 2 | 0 | 0 | 20 | 75 | 88.50 | 0 | 1 | 0.00 | 0.00 |
| Social Science | 0 | 1 | 0 | 0 | 10 | 94 | 94.00 | 0 | 1 | 0.00 | 0.00 |
| History - American | 0 | 1 | 0 | 0 | 10 | 129 | 129.00 | 0 | 0 | 0.00 | 0.00 |
| History - World | 0 | 1 | 0 | 1 | 10 | 135 | 135.00 | 0 | 0 | 0.00 | 0.00 |
| Other | 0 | 1 | 0 | 0 | 10 | 57 | 57.00 | 0 | 0 | 0.00 | 0.00 |
| Fine Arts - Painting & Sculpture | 0 | 0 | 0 | 0 | 0 | 0.00 | 0 | 0 | 0.00 | 0.00 |